Quizzes
Events
Quiz Creation
Community
Videos
Private Events
Remove Ads
Sign In
Join for FREE
Feedback
Dark Mode
Quiz Categories
Sports
Geography
Music
Movies
Television
Just For Fun
Miscellaneous
History
Literature
Language
Science
Gaming
Entertainment
Religion
Holiday
For Kids
Quiz Lab
Recent
Popular Today
Quiz Kudos Today
Editor Picks
Curator Picks
Quizzes by...
Day
Popularity
Type
Ratings
Length
Year
Community
Subscriptions
Recent Discussions
Orange Saloon
Badges
Playlists
Quests
Create
Leaderboards
Showdown
Live 5
Trivia Bingo
Activity
Puzzle Library
Sporcle Events
Private Events
Virtual Trivia
Globe League
Become a Host
Pub Owners
SporcleCon
Opinionation
Our Games
Videos
Blog
Mobile Apps
Partnerships
Remove Ads and Go Orange
Feedback
Sports
Athletes
MLB
NBA
NHL
NFL
Soccer
Sports Teams
WWE
NCAA
Football
Premier League
Basketball
Baseball
Hockey
Golf
Tennis
Cricket
Rugby
Auto Racing
Olympics
World Cup
Sports
Athletes
MLB
NBA
NHL
NFL
Soccer
Sports Teams
WWE
NCAA
Football
Premier League
Basketball
Baseball
Hockey
Golf
Tennis
Cricket
Rugby
Auto Racing
Olympics
World Cup
Random Quiz
Search Sporcle
×
Quiz Lab
Quiz Lab
Sports
Football
Type in answers that appear in a list
Type in answers that appear in a list
Classic
Best Score? Go Orange.
NFL QB's 4000+ yards (2000-2009) Stats
Can you name the NFL QB's 4000+ yards (2000-2009)?
By
SteelyDyl
3m
46 Questions
6,935 Plays
6,935 Plays
6,935 Plays
Comments
Comments
Give Quiz Kudos
Give Quiz Kudos
-
- Ratings
hide this ad
Replay
Link that replays current quiz
Next Quiz
Link to next quiz in quiz playlist
You Got
0%
They Got
Avg Score
91%
Avg Friend Score
Upgrade to see
Score Distribution
Jump to the score distribution portion of the page
Score
0/46
Timer
03:00
0
Plays Today
Year
Player
% Correct
2000
Peyton Manning
99.7%
2001
Peyton Manning
99.7%
2002
Peyton Manning
99.7%
2003
Peyton Manning
99.7%
2004
Peyton Manning
99.7%
2006
Peyton Manning
99.7%
2007
Peyton Manning
99.7%
2008
Peyton Manning
99.7%
2009
Peyton Manning
99.7%
2009
Eli Manning
99.6%
2005
Tom Brady
98.8%
2007
Tom Brady
98.8%
2009
Tom Brady
98.8%
2006
Drew Brees
98.3%
2007
Drew Brees
98.3%
2008
Drew Brees
98.3%
2009
Drew Brees
98.3%
2004
Brett Favre
97.9%
2007
Brett Favre
97.9%
2009
Brett Favre
97.9%
2008
Aaron Rodgers
97.6%
2009
Aaron Rodgers
97.6%
2008
Philip Rivers
97.2%
Year
Player
% Correct
2009
Philip Rivers
97.2%
2001
Kurt Warner
96.8%
2008
Kurt Warner
96.8%
2007
Tony Romo
96.1%
2009
Tony Romo
96.1%
2009
Ben Roethlisberger
94.7%
2006
Carson Palmer
94%
2007
Carson Palmer
94%
2004
Daunte Culpepper
89.6%
2009
Matt Schaub
88.4%
2008
Jay Cutler
86.4%
2002
Rich Gannon
85.3%
2003
Trent Green
84.6%
2004
Trent Green
84.6%
2005
Trent Green
84.6%
2006
Marc Bulger
83.5%
2000
Jeff Garcia
80.2%
2006
Jon Kitna
77.3%
2007
Jon Kitna
77.3%
2002
Kerry Collins
74.8%
2004
Jake Plummer
74.4%
2002
Drew Bledsoe
66.6%
2000
Elvis Grbac
51.2%
Quiz Playlist
Details
Report
Send in Message
Add To Playlist
Classic:
Type in answers that appear in a list
Last Updated: Jul 13, 2017
Quiz Scoreboard
CHALLENGE
Sign Up to Join the Scoreboard
Show All
Scores
Hide
Comments
May contain spoilers
Recently Published
An Introduction to Baseball
by treessimontrees
Sports
5m
Movies - When Are They Set?
by FPL_Elf
Movies
5m
Popular People in 1961
by mucciniale
History
6m
More to Explore
Quiz From the Vault
Featured Blog Post
Where Did the Easter Bunny Come From?
hide this ad
You Might Also Like...
Tags
Football Quiz
NFL Quiz
2000s
4000
American Football
Quarterbacks
Receiving Yards
Yards Single
Today's Top Quizzes in Sports
Browse Sports
hide this ad
Today's Top Quizzes in Football
Browse Football
Top Contributed Quizzes in Sports
1
Les meilleurs buteurs des matchs entre le PSG et l’OM
2
2022 World Cup Stars
3
FIFA Club World Cup Champions
4
Les entraîneurs de l'OM et du PSG au 21e siècle
5
Name the Premier League winners with different clubs
6
La finale Lions - Afrique du Sud 2021
7
Les joueurs passés par le LOSC et le RC Lens
8
Criteria MLB: Left Handed Sluggers
9
Players with Multiple 50 Home Run Seasons
10
5-to-1: UK Sports Teams
Explore More
Trending Topics
Disney
Harry Potter
Anime
Crossword
Marvel
NBA
Kpop
Soccer
Song
The Office
NFL
Puzzle
Country
Pokémon
WWE
hide this ad
More By:
SteelyDyl
Quiz
Plays
Rating
Category
Featured
Created
NFL WR/TE/RB's 100+ REC's (2000-2009)
9,653
4.00
Sports
Dec 28, 2010
NFL QB's 4000+ yards (2000-2009)
6,935
3.72
Sports
Dec 28, 2010
NFL RB's 1500+ yards (2000-2009)
6,472
4.04
Sports
Dec 27, 2010
NFL QB's By Playoff Wins
306
5.00
Sports
Dec 7, 2010
12 Actors who played Satan
208
3.50
Movies
Dec 16, 2010
Go to Creator's Profile
Score Distribution
Quiz Creator Spotlight
SteelyDyl
Follow
Send a Message
Quizzes Created
-
Created Quiz Play Count
-
More By This Creator
Popular Quizzes Today
1
Find the Countries of Europe - No Outlines Minefield
2
Find the US States - No Outlines Minefield
3
The Countries of the World
4
Popular People in 1961
5
US States
6
Find the US States
7
1-10 Letter E Words III
8
Risky Map Clicking: Biggest States A-Z
More Sports Quizzes
Last XI: Ancelotti - Everton
Quiz Lab
Trending Quizzes
Risky Map Clicking: Least Populous States A-Z
1-10 Letter F Words
1-10 Letter G Words
Not Quite an Element Typing Challenge
One Thing in Common: United Kingdom
Recently Updated
Leaping Animals
pecheneg
Reality TV Shows (A-Z)
bhenderson79
Rickey Henderson's Hall of Fame Teammates
pecheneg
Champions League XIs: Arsenal
pecheneg
Quick Pick: Celebrities in WWE's Hall of Fame
aduchscher
A-Z Keypad Blitz II
pecheneg
Multiple Oscar Actors
pecheneg
Mystery Phrase Blitz: Oscar 'Best Actors'
pecheneg
F. Scott Fitzgerald Novels
LTH
Pick 3 Villains
ddd62291
Trending Topics
Kpop
Anime
Disney
NBA
Marvel
Harry Potter
Crossword
The Office
WWE
Pokémon
Soccer
Country
Puzzle
NFL
Song
Your Account Isn't Verified!
In order to create a playlist on Sporcle, you need to verify the email address you used during registration. Go to your
Sporcle Settings
to finish the process.
Report this User
Report this user for behavior that violates our
Community Guidelines
.
Details:
Send Report
Go to the Sporcle.com Mobile Site →
Comments